000 00540nam a22001937a 4500
003 OSt
008 260429b |||||||| |||| 00| 0 eng d
082 _a635.648
_bS33S
100 _aSharma, Ramesh Kumar.
245 _aStudies of Genotype X Environment Interaction in Bhindi
_cby Ramesh Kumar Sharma
260 _a.- Sabour, Bhagalpur
_b: Bihar Agricultural College, RAU
_c, 1997
300 _a97p.
502 _bPh. D.
_d1997
650 _aHorticulture
650 _aBhindi
650 _aThesis
650 _aPh. D.
942 _2ddc
_cBK
999 _c50284
_d50284